| 000 | nam a22 a 4500 | ||
|---|---|---|---|
| 999 |
_c1974 _d1974 |
||
| 005 | 20170512155902.0 | ||
| 008 | 170512b1988 enk||||| |||| 00| 0 eng d | ||
| 020 | _a0434902837 | ||
| 040 | _aAKMAL | ||
| 082 | _a351.100/1 CUM | ||
| 090 |
_a351.100/1 _bCUM |
||
| 100 |
_aCuming, Maurice W. _94084 |
||
| 245 | 0 | 4 | _aThe theory and practice of personnel management. |
| 250 | _a6th ed. | ||
| 260 |
_aHeinemann Professional _c1989. |
||
| 300 | _ccm | ||
| 942 |
_2ddc _cBOOK |
||